000
00322nam a2200133Ia 4500
008
150201s1995 xx 000 0 und d
082
_a
612
_b
G95R
100
_a
ROY,RN
245
_a
GUIDE TO PHYSIOLOGY
250
_a
1ST
260
_b
NEW CENTRAL BOOK AGENCY
_a
DELHI
_c
1995
650
_a
HUMAN PHYSIOLOGY
942
_2
ddc
_c
BK
_0
1
999
_c
874
_d
874